| 000 | 00607nam a2200229Ia 4500 | ||
|---|---|---|---|
| 003 | OSt | ||
| 005 | 20220924120142.0 | ||
| 006 | a|||||r|||| 00| 0 | ||
| 007 | ta | ||
| 008 | 220923b |||||||| |||| 00| 0 urd d | ||
| 024 | _a314033 | ||
| 037 | _cTextual | ||
| 040 |
_aARTS _cARTS _burd |
||
| 041 |
_2urd _aurd |
||
| 082 | _aO168,1MAK1x, G8 | ||
| 100 |
_aWarsi Meruthi _9180980 |
||
| 245 | 0 | _aMeelad-e-Akbar | |
| 260 |
_aDelhi _bKutub Khana Syedah India _c1938 |
||
| 650 | _aURDU POETRY | ||
| 942 |
_hO168,1MAK1x, G8 _cTEXL _2CC |
||
| 999 |
_c401479 _d401479 |
||